[Event "Titled Tue 20th May Early"]
[Site "chess.com INT"]
[Date "2025.05.20"]
[Round "6"]
[White "Popovic, Dobrivoj"]
[Black "Ugarte Soto, Cesar"]
[Result "0-1"]
[WhiteTitle "CM"]
[BlackTitle "CM"]
[WhiteElo "1945"]
[BlackElo "2088"]
[WhiteFideId "907103"]
[BlackFideId "3601331"]
[EventDate "2025.05.20"]

1. e4 c5 2. c3 Nf6 3. e5 Nd5 4. Nf3 e6 5. d4 d6 6. exd6 Bxd6 7. Be2 O-O 8. O-O
b6 9. c4 Nf6 10. d5 exd5 11. cxd5 Bb7 12. Nc3 Nxd5 13. Nxd5 Bxd5 14. Bg5 Qd7 15.
Bb5 Bc6 16. Bxc6 Nxc6 17. Bf4 Rad8 18. Qd2 Bxf4 19. Qxf4 Qd6 20. Qe4 Rfe8 21.
Qc2 Qd3 22. Qa4 b5 23. Qa6 Re6 24. Ne1 Qd7 25. Qxb5 Qd5 26. Nf3 Rg6 27. Kh1 Nd4
28. Qd3 Nxf3 29. Qxf3 Qxf3 30. gxf3 Rd2 31. Rad1 Rgd6 32. Rxd2 Rxd2 33. Re1 g6
34. Re8+ Kg7 35. Ra8 Rxb2 36. Rxa7 Rxf2 37. a4 Rxf3 38. Rc7 Ra3 39. Rxc5 Rxa4
40. Rc2 Ra3 41. Kg2 h5 42. Rf2 g5 43. Rb2 Kg6 44. Rc2 f6 45. Rb2 h4 46. h3 Rg3+
47. Kh2 Rc3 48. Ra2 Rf3 49. Re2 f5 50. Rb2 g4 51. hxg4 fxg4 52. Rb7 Rf2+ 53. Kg1
g3 54. Rb4 Kg5 55. Ra4 Rf4 56. Ra5+ Kg4 57. Ra2 Rb4 58. Ra1 Kh3 59. Kh1 Rf4 60.
Kg1 Kg4 61. Ra8 h3 62. Rg8+ Kf3 63. Ra8 h2+ 64. Kh1 Kf2 65. Ra2+ Kf3 66. Ra3+
Kg4 67. Ra1 Kh3 0-1

[Event "Titled Tue 20th May Early"]
[Site "chess.com INT"]
[Date "2025.05.20"]
[Round "6"]
[White "Khamdamova, Afruza"]
[Black "Rustamov, Rustam"]
[Result "0-1"]
[WhiteTitle "WIM"]
[BlackTitle "FM"]
[WhiteElo "2344"]
[BlackElo "2323"]
[WhiteFideId "14210444"]
[BlackFideId "13440110"]
[EventDate "2025.05.20"]

1. e4 c5 2. Nf3 d6 3. d4 cxd4 4. Nxd4 Nf6 5. Nc3 e5 6. Nde2 Be7 7. Ng3 O-O 8.
Bc4 Be6 9. Qd3 Nc6 10. a3 Rc8 11. Ba2 a6 12. O-O b5 13. Be3 b4 14. Nd5 bxa3 15.
bxa3 Bxd5 16. exd5 Nb8 17. Nf5 g6 18. Nxe7+ Qxe7 19. Bg5 Nbd7 20. c4 e4 21. Qg3
Rfe8 22. Qh4 Qe5 23. Bf4 Qe7 24. Rae1 Nc5 25. Bg5 Ncd7 26. f4 Rb8 27. Kh1 Rb2
28. Bb1 e3 29. Bd3 e2 30. Rf3 Rd2 31. h3 Rd1 32. Kh2 Rxe1 33. Qxe1 Nc5 34. Bxe2
h6 35. Bh4 Ncd7 36. Rf2 Ng4+ 37. Kg3 Qe3+ 38. Rf3 Qxe2 39. Qxe2 Rxe2 40. hxg4
Nc5 41. Kh2 Re4 42. Bd8 Rxc4 43. Be7 Ne4 44. f5 g5 45. f6 Kh7 46. Rb3 Rd4 47.
Rb6 Nf2 48. Rxa6 Rxd5 49. Rxd6 Rb5 50. Kg3 Ne4+ 51. Kf3 Nxd6 52. Bxd6 Rb6 53.
Be7 Kg6 54. Kf2 Rb2+ 55. Kf3 h5 56. gxh5+ Kxh5 57. g3 Rb3+ 58. Kf2 Kg4 59. Bd6
Rd3 60. Be7 Rf3+ 61. Ke2 Rxg3 62. Kf2 Rb3 63. a4 Rb2+ 0-1

[Event "Titled Tue 20th May Early"]
[Site "chess.com INT"]
[Date "2025.05.20"]
[Round "6"]
[White "Arencibia Monduy, Antonio"]
[Black "Perez Rojas, Jorge"]
[Result "0-1"]
[WhiteTitle "CM"]
[BlackTitle "FM"]
[WhiteElo "2115"]
[BlackElo "2100"]
[WhiteFideId "3507939"]
[BlackFideId "3452093"]
[EventDate "2025.05.20"]

1. e4 e6 2. d4 d5 3. e5 c5 4. c3 Nc6 5. Nf3 Bd7 6. Bd3 c4 7. Bc2 f6 8. exf6 Nxf6
9. O-O Bd6 10. Re1 O-O 11. Bg5 Qc7 12. Nbd2 Rae8 13. Bh4 b5 14. Bg3 e5 15. dxe5
Nxe5 16. Nxe5 Bxe5 17. Bxe5 Rxe5 18. Nf3 Ree8 19. Qd4 Rxe1+ 20. Rxe1 Re8 21.
Rxe8+ Bxe8 22. h3 a5 23. a3 Qe7 24. Ne5 b4 25. axb4 axb4 26. f4 Qb7 27. Bf5 bxc3
28. bxc3 Bf7 29. Kh2 Qc7 30. h4 g6 31. Bc2 Qe7 32. g3 Be6 33. Kg2 Kg7 34. Bd1
Qd6 35. Bf3 Bf7 36. Ng4 h5 37. Ne5 Be6 38. Nxc4 Qa6 39. Ne5 Qa2+ 40. Kg1 Qb1+
41. Qd1 Qb2 42. Qd4 Qc1+ 43. Kg2 Qb2+ 44. Kf1 Qc1+ 45. Ke2 Qb2+ 46. Qd2 Qb5+ 47.
Qd3 Qb2+ 48. Ke3 Bf5 49. Qd4 Qc1+ 50. Kf2 Qb2+ 51. Ke1 Qc1+ 52. Bd1 Qb2 53. Nf3
Qg2 54. Ng5 Qxg3+ 55. Kd2 Qxh4 56. Kc1 Qg3 57. Qa7+ Kh6 58. Qe7 Qxf4+ 59. Kb2
Qxg5 60. Qf8+ Kh7 61. Qf7+ Kh6 62. Qf8+ Kh7 63. Qf7+ Kh8 64. Qf8+ Ng8 65. Qd6
Qe7 66. Qf4 Qb7+ 67. Kc1 Qc6 68. Kd2 Kg7 69. Qd4+ Nf6 70. Be2 Qe6 0-1

[Event "Titled Tue 20th May Early"]
[Site "chess.com INT"]
[Date "2025.05.20"]
[Round "6"]
[White "Zou, Chen"]
[Black "Gilfanov, Marat I"]
[Result "1-0"]
[WhiteTitle "IM"]
[BlackTitle "FM"]
[WhiteElo "2443"]
[BlackElo "2379"]
[WhiteFideId "8610959"]
[BlackFideId "34372164"]
[EventDate "2025.05.20"]

1. Nf3 f5 2. d3 Nf6 3. e4 d6 4. exf5 Bxf5 5. d4 c6 6. Bd3 Nbd7 7. O-O Bxd3 8.
Qxd3 Qa5 9. c4 Qh5 10. h3 O-O-O 11. Nc3 e5 12. d5 c5 13. Nd2 Be7 14. a3 g5 15.
f3 Rhg8 16. b4 Qg6 17. Qxg6 Rxg6 18. Nde4 Nxe4 19. Nxe4 b6 20. Be3 Nf6 21. Bxg5
Nxd5 22. cxd5 Bxg5 23. bxc5 Be3+ 24. Kh1 dxc5 25. d6 Bd4 26. Rac1 Kd7 27. Rc2
Ke6 28. a4 Kd5 29. Rb1 Rgxd6 30. Nxd6 Rxd6 31. g3 Kc6 32. Kg2 a6 33. Kf1 Rg6 34.
g4 Rh6 35. Kg2 Rf6 36. h4 Rf8 37. g5 b5 38. axb5+ axb5 39. Ra2 Kb6 40. Kg3 b4
41. h5 Be3 42. Kg4 Rf4+ 43. Kg3 Rf5 44. g6 hxg6 45. hxg6 Rg5+ 46. Kh4 Rxg6 47.
Ra8 Rg7 48. Re8 Bd4 49. Rb8+ Rb7 50. Rd8 Kb5 51. Kg4 c4 52. f4 c3 53. fxe5 Kc4
54. e6 c2 55. Re1 Bc5 56. Rc8 Re7 57. Re5 b3 58. Rexc5+ Kd3 59. Rd8+ Ke2 60. Rb8
Rxe6 61. Rxb3 Re3 62. Rxe3+ 1-0

[Event "Titled Tue 20th May Early"]
[Site "chess.com INT"]
[Date "2025.05.20"]
[Round "6"]
[White "Hayrapetyan, Edgar"]
[Black "Atakhan, Abtin"]
[Result "1-0"]
[WhiteTitle "FM"]
[BlackTitle "IM"]
[WhiteElo "2161"]
[BlackElo "2410"]
[WhiteFideId "13313568"]
[BlackFideId "22502203"]
[EventDate "2025.05.20"]

1. e4 e5 2. Nf3 Nc6 3. Bb5 Nf6 4. O-O Nxe4 5. Re1 Nd6 6. Nxe5 Be7 7. Bd3 Nxe5 8.
Rxe5 O-O 9. Nc3 Bf6 10. Re3 Re8 11. b3 Rxe3 12. fxe3 Bxc3 13. dxc3 b6 14. Ba3
Qg5 15. Bxd6 Qxe3+ 16. Kh1 cxd6 17. Qh5 g6 18. Qd5 Rb8 19. Rf1 Qe7 20. Bc4 Bb7
21. Qxf7+ Qxf7 22. Bxf7+ Kg7 23. Bc4 d5 24. Bd3 Rc8 25. c4 dxc4 26. Bxc4 d5 27.
Bd3 Re8 28. Kg1 Bc6 29. a4 h6 30. h4 Re5 31. Rf4 g5 32. hxg5 Rxg5 33. Kf2 Be8
34. g3 Re5 35. Rg4+ Kf6 36. Rf4+ Kg5 37. Rf8 h5 38. Rg8+ Kf6 39. Kf3 d4 40. Kf2
Bf7 41. Ra8 Re7 42. b4 Ke5 43. a5 Bd5 44. Rh8 Rf7+ 45. Ke2 Kd6 46. Ke1 Bf3 47.
Rh6+ Kc7 48. a6 Re7+ 49. Kd2 Bg4 50. b5 Rf7 51. Rc6+ Kd8 52. Bc4 Rc7 53. Rd6+
Ke7 54. Rxd4 Rc5 55. Bd3 Rg5 56. Re4+ Kd6 57. Re8 Bd7 58. Ra8 Rxg3 59. Rxa7 h4
60. Be4 h3 61. Rxd7+ Kxd7 62. a7 Rg2+ 63. Kd3 Rg3+ 64. Kd4 1-0

[Event "Titled Tue 20th May Early"]
[Site "chess.com INT"]
[Date "2025.05.20"]
[Round "6"]
[White "Demchenko, Anton"]
[Black "Sakun, Volodymyr"]
[Result "1/2-1/2"]
[WhiteTitle "GM"]
[BlackTitle "FM"]
[WhiteElo "2619"]
[BlackElo "2301"]
[WhiteFideId "4160258"]
[BlackFideId "14114062"]
[EventDate "2025.05.20"]

1. e4 e5 2. Nf3 Nc6 3. Bb5 g6 4. c3 a6 5. Ba4 d6 6. O-O Bd7 7. d4 Bg7 8. Re1 Nf6
9. Bxc6 Bxc6 10. dxe5 dxe5 11. Qxd8+ Rxd8 12. Nxe5 Bb5 13. a4 Bd7 14. Nxd7 Rxd7
15. f3 Kd8 16. Na3 Kc8 17. Nc4 Rhd8 18. Bg5 h6 19. Bh4 g5 20. Bf2 Nh5 21. g3 Bf8
22. Re2 Ng7 23. Ne5 Re7 24. Ng4 Re6 25. Kf1 Rde8 26. Rae1 f5 27. exf5 Rxe2 28.
Rxe2 Rxe2 29. Kxe2 Nxf5 30. Kd3 Kd7 31. Ne3 Ne7 32. Nc4 Ke6 33. Ke4 Nd5 34. Bd4
c5 35. Be5 b5 36. axb5 axb5 37. Na3 b4 38. Nb5 bxc3 39. bxc3 Nb6 40. f4 gxf4 41.
gxf4 Nc4 42. f5+ Kf7 43. Bf4 Nb6 44. Bc7 Nd7 45. c4 Nf6+ 46. Kf3 Nd7 47. Kf4 Be7
48. h3 Bg5+ 49. Kf3 Kf6 50. Ke4 Kf7 51. Nd6+ Ke7 52. Nb7 Kf7 53. Bd6 Be7 54.
Bxe7 Kxe7 55. Kd5 Kf6 56. Nxc5 Nb6+ 57. Kd4 Kxf5 58. Nd3 Nc8 59. c5 Kg5 60. Kd5
Kh4 61. Ke6 Kxh3 62. Kd7 Na7 63. Kc7 Nb5+ 64. Kb6 Nd4 65. Ne5 Kg3 66. Ng6 h5 67.
Ka5 h4 68. Nxh4 Kxh4 69. Kb4 Kg4 70. Kc4 Ne6 71. Kd5 Nxc5 1/2-1/2

[Event "Titled Tue 20th May Early"]
[Site "chess.com INT"]
[Date "2025.05.20"]
[Round "6"]
[White "Grodotzki, Kenneth"]
[Black "Zaw, Ye Htut"]
[Result "0-1"]
[WhiteTitle "CM"]
[BlackTitle "CM"]
[WhiteElo "1984"]
[BlackElo "2180"]
[WhiteFideId "4648560"]
[BlackFideId "13013955"]
[EventDate "2025.05.20"]

1. f4 d5 2. Nf3 Nc6 3. d4 Nf6 4. c4 Bg4 5. e3 e6 6. Nc3 Bb4 7. Bd2 O-O 8. Be2
Re8 9. O-O Bxc3 10. bxc3 Ne4 11. Be1 Rb8 12. a4 Na5 13. c5 Bxf3 14. gxf3 Nf6 15.
Kh1 Nc4 16. Qd3 b6 17. cxb6 axb6 18. Bh4 Ra8 19. Rg1 Nd6 20. Bd1 Nf5 21. Bf2 c5
22. e4 dxe4 23. fxe4 c4 24. Qf3 Ne7 25. Bc2 Ng6 26. Raf1 Qd6 27. Bg3 Qc6 28. h4
h5 29. Qg2 Ng4 30. Rf3 Rxa4 31. Bxa4 Qxa4 32. f5 exf5 33. e5 Qc6 34. Rgf1 f4 35.
Bh2 Ne3 36. Rxe3 Qxg2+ 37. Kxg2 fxe3 38. Re1 Nxh4+ 39. Kg3 g5 40. Bg1 Nf5+ 41.
Kf3 Kg7 42. Ke4 Kg6 43. Bxe3 Nd6+ 44. Kd5 Nf5 45. Kxc4 g4 46. Kd3 h4 47. Bf4 g3
48. d5 Kh5 49. Ke4 Kg4 50. Rf1 Nd6+ 51. Kd4 Nb5+ 52. Kd3 Nc7 53. c4 h3 54. Bxg3
Kxg3 55. Rxf7 Rh8 56. Rg7+ Kh4 57. Rg1 h2 58. Rh1 Kg3 59. e6 b5 60. d6 Nxe6 61.
cxb5 Rd8 62. Ke4 Rxd6 63. Ke5 Rb6 64. Rc1 Ng5 65. Rc3+ Nf3+ 0-1

[Event "Titled Tue 20th May Early"]
[Site "chess.com INT"]
[Date "2025.05.20"]
[Round "6"]
[White "Sharshenbekov, Emir"]
[Black "Starosta, Martyna"]
[Result "1-0"]
[WhiteTitle "CM"]
[BlackTitle "WFM"]
[WhiteElo "2091"]
[BlackElo "2182"]
[WhiteFideId "13810634"]
[BlackFideId "21818754"]
[EventDate "2025.05.20"]

1. e4 e6 2. d4 d5 3. exd5 exd5 4. Bd3 c5 5. dxc5 Bxc5 6. Nd2 Nc6 7. Nb3 Bd6 8.
Ne2 Nf6 9. Bf4 Bg4 10. f3 Be6 11. Qd2 O-O 12. O-O-O a5 13. Bxd6 Qxd6 14. Qf4
Qxf4+ 15. Nxf4 b6 16. Bb5 Rac8 17. Bxc6 Rxc6 18. Nd4 Rd6 19. Rhe1 Bd7 20. Re5
Rc8 21. Rd2 Kf8 22. Nde2 Bc6 23. Rd4 Nd7 24. Re3 Nc5 25. c4 Bb7 26. Nc3 Nd7 27.
cxd5 b5 28. Kd2 b4 29. Ne4 Rb6 30. Nd3 b3 31. axb3 Rxb3 32. Nd6 Rb8 33. Nc4 a4
34. Na5 Rb5 35. Nc6 Ra8 36. Rb4 Raa5 37. Nd4 Rxb4 38. Nxb4 Bxd5 39. Ra3 Bb7 40.
Na2 Nb6 41. Kc2 Nc4 42. Rc3 Nd6 43. Nb4 Ke7 44. Rc7+ Kd8 45. Rxb7 Nxb7 46. Nbc6+
Kd7 47. Nxa5 Nxa5 48. Kc3 Nc6 49. Nxc6 Kxc6 50. Kb4 a3 51. bxa3 Kb6 52. a4 Ka6
53. f4 f5 54. g3 g6 55. h3 h6 56. a5 Ka7 57. h4 h5 58. Kb5 Kb7 59. a6+ Ka7 60.
Ka5 Kb8 61. Kb6 Ka8 62. a7 g5 63. hxg5 h4 64. g6 hxg3 65. g7 g2 66. g8=Q# 1-0

[Event "Titled Tue 20th May Early"]
[Site "chess.com INT"]
[Date "2025.05.20"]
[Round "6"]
[White "Nihal, Sarin"]
[Black "Martinez Alcantara, Jose Eduardo"]
[Result "0-1"]
[WhiteTitle "GM"]
[BlackTitle "GM"]
[WhiteElo "2693"]
[BlackElo "2611"]
[WhiteFideId "25092340"]
[BlackFideId "3805662"]
[EventDate "2025.05.20"]

1. h3 a5 2. c3 g6 3. d4 Bg7 4. e4 d6 5. a4 Nf6 6. Bd3 e5 7. Nf3 O-O 8. O-O Nc6
9. Re1 Re8 10. Na3 h6 11. Nb5 exd4 12. cxd4 Nb4 13. Bf4 Bd7 14. Bb1 Bc6 15. Nc3
b6 16. Qd2 g5 17. Bh2 Bb7 18. Ra3 Re7 19. d5 Bc8 20. Nb5 Nd7 21. Rae3 Re8 22. e5
dxe5 23. Nxe5 Nxe5 24. Bxe5 Rxe5 25. Rxe5 Bxe5 26. Rxe5 Bd7 27. Nd4 Qf6 28. Qe3
Kf8 29. Qc3 Re8 30. Nf3 Rxe5 31. Nxe5 Qd6 32. Qd4 Ke7 33. Qe3 Kf8 34. Qd4 Be8
35. Ng4 Ke7 36. Ne3 Bd7 37. Bf5 Qf4 38. Be4 Qd6 39. g3 Qf6 40. Qc4 Qe5 41. Bf3
Kd8 42. Bg4 f5 43. Bf3 f4 44. Ng4 Qxb2 45. d6 cxd6 46. Nxh6 fxg3 47. fxg3 Qf6
48. Nf7+ Ke7 49. Bh5 Nc6 50. Qe4+ Ne5 51. Nxe5 Qxe5 52. Qh7+ Kd8 53. Kh2 b5 54.
Qg8+ Kc7 55. axb5 Qxb5 56. Bf3 Qc5 57. Qa8 a4 58. h4 gxh4 59. gxh4 a3 60. h5
Qf2+ 61. Bg2 Qh4+ 62. Kg1 Qa4 63. Qxa4 Bxa4 64. Bd5 Bc2 65. h6 Kb6 66. Kf2 Kc5
67. Ba2 d5 68. Ke3 Bg6 69. Kd2 d4 70. Kc1 Kb4 71. Bg8 Kc3 72. Ba2 d3 73. Kd1
Bh5+ 74. Ke1 d2+ 75. Kf2 d1=Q 76. h7 Qd2+ 0-1

[Event "Titled Tue 20th May Early"]
[Site "chess.com INT"]
[Date "2025.05.20"]
[Round "6"]
[White "Cnejev, Vladimir-Alexandru"]
[Black "Aranda, Juan Manuel"]
[Result "0-1"]
[WhiteTitle "FM"]
[BlackTitle "CM"]
[WhiteElo "2350"]
[BlackElo "2134"]
[WhiteFideId "1260898"]
[BlackFideId "160458"]
[EventDate "2025.05.20"]

1. Nf3 Nf6 2. b3 g6 3. Bb2 Bg7 4. g3 O-O 5. Bg2 d5 6. O-O c6 7. c4 Re8 8. d3
Nbd7 9. Nbd2 e5 10. e4 dxe4 11. Nxe4 Nxe4 12. dxe4 Qc7 13. Qe2 Nc5 14. Rad1 Bg4
15. h3 Bxf3 16. Qxf3 Rad8 17. h4 Ne6 18. h5 Nd4 19. Qg4 Qd7 20. Qxd7 Rxd7 21.
hxg6 hxg6 22. Bxd4 exd4 23. Rd3 c5 24. f4 a6 25. a4 Rb8 26. e5 Kf8 27. Kf2 f6
28. e6 Re7 29. Bd5 b5 30. axb5 axb5 31. Ra1 f5 32. Kf3 Bf6 33. Rh1 Kg7 34. g4
fxg4+ 35. Kxg4 Rh8 36. Rxh8 Kxh8 37. cxb5 Re8 38. b6 Rb8 39. b7 Kg7 40. f5 gxf5+
41. Kxf5 Bd8 42. Rh3 Bc7 43. Bc6 Bd6 44. Ke4 Kf6 45. Rh6+ Kg7 46. Rh4 Kf6 47.
Kd5 Be7 48. Rf4+ Kg6 49. Rf7 d3 50. Rf3 d2 51. Rd3 Bg5 52. Kxc5 Kf6 53. Kd6 Rd8+
54. Bd7 Bf4+ 55. Kd5 Ke7 56. b4 Rb8 57. Kc6 Rh8 58. Kb6 Rg8 59. Ka7 Bb8+ 60. Ka6
Rg2 61. b5 Bc7 62. Ka7 d1=Q 63. b8=Q Ra2+ 64. Kb7 Qh1+ 0-1

[Event "Titled Tue 20th May Early"]
[Site "chess.com INT"]
[Date "2025.05.20"]
[Round "6"]
[White "Carnicelli, Valerio"]
[Black "Masague Artero, Guerau"]
[Result "1/2-1/2"]
[WhiteTitle "FM"]
[BlackTitle "FM"]
[WhiteElo "2396"]
[BlackElo "2326"]
[WhiteFideId "856185"]
[BlackFideId "32098952"]
[EventDate "2025.05.20"]

1. e4 g6 2. d4 Bg7 3. Nc3 c6 4. Be3 d5 5. Qd2 dxe4 6. Nxe4 Nf6 7. Nxf6+ exf6 8.
O-O-O Be6 9. Kb1 O-O 10. h4 h5 11. Ne2 Nd7 12. Nf4 Bf5 13. f3 Nb6 14. Bd3 Bxd3
15. Qxd3 f5 16. g4 fxg4 17. fxg4 hxg4 18. h5 g5 19. h6 Bf6 20. Nh5 Nd5 21. Rdf1
Be7 22. Bc1 Qd6 23. Qf5 Qg6 24. Qxg4 f5 25. Qe2 Rae8 26. Rhg1 Bd8 27. Qh2 Re4
28. Ng3 Rh4 29. Qxh4 gxh4 30. Nxf5 Qxg1 31. Rxg1+ Kh7 32. Rg7+ Kh8 33. Nd6 h3
34. Nf7+ Rxf7 35. Rxf7 h2 36. Rf1 Bc7 37. Bg5 Kh7 38. a3 Kg6 39. c4 Nb6 40. b3
Nd7 41. Kc2 c5 42. Kd3 cxd4 43. Bd2 Nc5+ 44. Ke2 Nxb3 45. Bg5 Nc5 46. Kf3 Be5
47. Bf4 Bxf4 48. Kxf4 d3 49. Ke3 Kxh6 50. Rh1 Kg5 51. Rxh2 b6 52. Kd4 d2 53. Rh1
Kf4 54. Kc3 Ke3 55. Kc2 Ne4 56. Rh3+ Kd4 57. Rd3+ Kxc4 58. Rd7 a6 59. a4 a5 60.
Rd8 Nc5 61. Rb8 Nxa4 62. Rb7 b5 63. Kxd2 Nc5 64. Rc7 a4 65. Kc2 Kb4 66. Ra7 a3
67. Ra8 Na4 68. Rb8 Nb6 69. Kb1 Nc4 70. Rc8 Ka4 71. Ka2 Na5 72. Re8 b4 73. Re4
Nb7 74. Rh4 Nd6 75. Rg4 Nb5 76. Rh4 Nc3+ 77. Ka1 Kb3 78. Rxb4+ Kxb4 1/2-1/2

[Event "Titled Tue 20th May Early"]
[Site "chess.com INT"]
[Date "2025.05.20"]
[Round "6"]
[White "Rozum, Ivan"]
[Black "Ostanin, Vadim"]
[Result "1-0"]
[WhiteTitle "GM"]
[BlackTitle "FM"]
[WhiteElo "2439"]
[BlackElo "2317"]
[WhiteFideId "24104272"]
[BlackFideId "24125016"]
[EventDate "2025.05.20"]

1. Nf3 c5 2. c4 g6 3. Nc3 Bg7 4. e4 Nc6 5. g3 d6 6. Bg2 Bg4 7. h3 Bxf3 8. Bxf3
Nf6 9. O-O O-O 10. d3 Rb8 11. Bg2 a6 12. a4 Nd4 13. Be3 Ne8 14. Rb1 Nc7 15. b4
Nc6 16. Na2 Ne6 17. b5 Ncd4 18. Nc3 Nf3+ 19. Bxf3 Bxc3 20. Bg2 Bg7 21. Kh1 Qa5
22. f4 Bd4 23. Bd2 Bc3 24. Bc1 b6 25. f5 Nc7 26. Qc2 axb5 27. axb5 Be5 28. Bh6
Rfd8 29. Qf2 Rf8 30. Bxf8 Rxf8 31. h4 Kg7 32. h5 g5 33. h6+ Kxh6 34. Bf3 Kg7 35.
Kg2 h6 36. Rh1 Ne8 37. Rbd1 Bd4 38. Qd2 Nf6 39. Qxa5 bxa5 40. Rd2 Bc3 41. Rc2
Bb4 42. e5 dxe5 43. b6 Rb8 44. b7 e4 45. dxe4 g4 46. Be2 Rxb7 47. e5 Nd7 48. e6
fxe6 49. fxe6 Nf6 50. Rd1 Rb6 51. Bd3 Rxe6 52. Re2 Rxe2+ 53. Bxe2 h5 54. Ra1 Kg6
55. Bd1 Kf5 56. Bc2+ Ke5 57. Rd1 Ne4 58. Rd5+ Kf6 59. Bxe4 a4 60. Rxh5 a3 61.
Bb1 e6 62. Kf2 Bc3 63. Rh6+ Ke7 64. Rg6 Bd4+ 65. Ke2 Be5 66. Rxg4 Kf6 67. Rg8
Kf7 68. Ra8 Bxg3 69. Rxa3 Be5 70. Ra6 Bd4 71. Kf3 Kf6 72. Ke4 Ke7 73. Bd3 Kf6
74. Be2 Ke7 75. Bg4 e5 76. Kd5 Kf7 77. Re6 Kg7 78. Rxe5 Kg6 79. Re6+ Kg5 80. Bd1
Bf2 81. Rc6 Kf4 82. Rxc5 Kf5 83. Rc8 Kg6 84. Re8 Bg3 85. Re4 Bh2 86. c5 Kf7 87.
c6 Kf8 88. Re5 Bxe5 89. Kxe5 Ke7 90. Bg4 Kd8 91. Kd6 1-0

[Event "Titled Tue 20th May Early"]
[Site "chess.com INT"]
[Date "2025.05.20"]
[Round "6"]
[White "Khachatryan, Anna"]
[Black "Chaulagain, Purusottam"]
[Result "1-0"]
[WhiteTitle "WFM"]
[BlackTitle "CM"]
[WhiteElo "2169"]
[BlackElo "1898"]
[WhiteFideId "13310780"]
[BlackFideId "12300730"]
[EventDate "2025.05.20"]

1. Nf3 Nf6 2. g3 e6 3. Bg2 d5 4. O-O Be7 5. d3 O-O 6. Nbd2 b6 7. e4 Bb7 8. e5
Nfd7 9. Re1 c5 10. Nf1 Nc6 11. Qe2 Nd4 12. Nxd4 cxd4 13. Bf4 Rc8 14. a3 Re8 15.
Rac1 Nf8 16. h4 Ng6 17. h5 Nxf4 18. gxf4 h6 19. Qg4 Kh8 20. Nd2 Rg8 21. Nf3 g6
22. Nxd4 Kh7 23. Kf1 Ba6 24. b4 Rc3 25. b5 Bb7 26. a4 Bc5 27. Nb3 Bb4 28. Re3
Qc8 29. Nd4 Bc5 30. Ne2 Bxe3 31. fxe3 Rxc2 32. Rxc2 Qxc2 33. d4 Qf5 34. hxg6+
Qxg6 35. Qh3 a6 36. Bf3 axb5 37. axb5 Qb1+ 38. Kf2 Qxb5 39. Qh5 Rg6 40. f5 exf5
41. Nf4 Qb2+ 42. Be2 Ba6 43. Qxf5 Bxe2 44. Qxf7+ Rg7 45. Qf5+ Kh8 46. Qf8+ Kh7
47. Qf5+ Kg8 48. Qe6+ Rf7 49. Qg6+ Rg7 50. Qe6+ Rf7 51. Qg6+ Kf8 52. Qxh6+ Ke8
53. Qe6+ Re7 54. Qc8+ Kf7 55. Nxe2 Qb5 56. Qf5+ Ke8 57. Qc8+ Kf7 58. Nf4 Qe8 59.
Qf5+ Kg7 60. Qg5+ Kh7 61. Qf5+ Kg7 62. Nh5+ Kh8 63. Nf6 Rf7 64. Qh5+ Kg7 65.
Qg5+ Kf8 66. Qg8+ Ke7 67. Qxe8# 1-0

[Event "Titled Tue 20th May Early"]
[Site "chess.com INT"]
[Date "2025.05.20"]
[Round "6"]
[White "Guerra Tulcan, Lenin"]
[Black "Terlouw, Wouter"]
[Result "1-0"]
[WhiteTitle "IM"]
[BlackTitle "CM"]
[WhiteElo "2310"]
[BlackElo "2227"]
[WhiteFideId "3601382"]
[BlackFideId "1087401"]
[EventDate "2025.05.20"]

1. e4 c5 2. Nf3 Nc6 3. d4 cxd4 4. Nxd4 Nf6 5. Nc3 e5 6. Ndb5 d6 7. Bg5 a6 8. Na3
b5 9. Nd5 Be7 10. Bxf6 Bxf6 11. c4 b4 12. Nc2 O-O 13. b3 a5 14. Qf3 Bg5 15. h4
Bh6 16. g4 Bf4 17. Rd1 Be6 18. Be2 Bxd5 19. Rxd5 a4 20. c5 axb3 21. axb3 h5 22.
Rxd6 hxg4 23. Qxg4 Qc8 24. Qxc8 Rfxc8 25. Bc4 Nd4 26. Nxd4 Ra1+ 27. Ke2 Rxh1 28.
Nc6 Rc7 29. Nxb4 Rxc5 30. Rd8+ Kh7 31. Nd3 Rc7 32. Rf8 Rxh4 33. Rxf7 Rxf7 34.
Bxf7 Rh6 35. b4 Rb6 36. Be8 g5 37. b5 Kg7 38. Bc6 Kf7 39. Nc5 Ke7 40. Nd7 Rxc6
41. bxc6 Kd6 42. Kf3 Kxc6 43. Nf8 Kd6 44. Kg4 Ke7 45. Nh7 Kf7 46. Nxg5+ Kf6 47.
Nh3 Bc1 48. Ng1 Bb2 49. Ne2 Ba1 50. f3 Bb2 51. Ng3 Ba1 52. Nf5 Bb2 53. Ne3 Ba1
54. Nd5+ Ke6 55. Nb4 Bc3 56. Nd3 Kf6 57. Kh5 Ba1 58. Nf2 Bd4 59. Ng4+ Ke6 60.
Kg5 Ba1 61. Kg6 Bb2 62. Nf6 Ba1 63. Nh5 Bb2 64. Ng7+ Ke7 65. Kf5 Kd6 66. Nh5 Ba1
67. Nf6 Bb2 68. Nh7 Ba1 69. Ng5 Ke7 70. Nh7 Bb2 71. Nf6 Ba1 72. Nd5+ Kd6 73. Ne3
Bb2 74. Nc4+ 1-0

[Event "Titled Tue 20th May Early"]
[Site "chess.com INT"]
[Date "2025.05.20"]
[Round "6"]
[White "Potawad, Anirudhha"]
[Black "Villalba, Marcelo"]
[Result "0-1"]
[WhiteTitle "FM"]
[BlackTitle "IM"]
[WhiteElo "2288"]
[BlackElo "2233"]
[WhiteFideId "45081506"]
[BlackFideId "3701859"]
[EventDate "2025.05.20"]

1. d4 Nf6 2. c4 e6 3. Nf3 d5 4. Nc3 Nbd7 5. Bg5 c6 6. e3 Qa5 7. Nd2 Bb4 8. Qc2
O-O 9. Bxf6 Nxf6 10. Bd3 b6 11. O-O Bxc3 12. bxc3 Ba6 13. cxd5 Bxd3 14. Qxd3
cxd5 15. c4 Qa6 16. Rfc1 Rac8 17. Qb3 dxc4 18. Nxc4 Ne4 19. Rc2 h6 20. Rac1 Rc7
21. Ne5 Rxc2 22. Qxc2 Nf6 23. h3 Qa3 24. Rb1 Qd6 25. Rb3 Nd7 26. Nc4 Qc7 27. Qe2
Rc8 28. Na3 Nf6 29. Rb2 Qc1+ 30. Kh2 Ne4 31. Nb1 Nc3 32. Qc2 Nxb1 33. Qxb1 Qxb1
34. Rxb1 Rc2 35. a4 Rxf2 36. Rc1 Ra2 37. Rc4 Kh7 38. Kg3 Kg6 39. Kf3 Kf6 40. g4
g6 41. h4 Rb2 42. Rc7 a6 43. Ra7 a5 44. Ra6 Rb4 45. Ke4 g5 46. h5 Rxa4 47. Rxb6
Ra1 48. Ra6 a4 49. Ra7 a3 50. Kf3 a2 51. Kg2 Re1 52. Rxa2 Rxe3 53. Ra4 Re4 54.
Kf3 Rf4+ 55. Kg3 Kg7 56. Rb4 e5 57. Rb5 exd4 58. Rd5 Re4 59. Rd6 Re3+ 60. Kf2
Re4 61. Kf3 Rf4+ 62. Kg3 Kh7 63. Rd7 Kg7 64. Rd6 f6 65. Rd7+ Kf8 66. Rh7 d3 67.
Rd7 Re4 68. Rxd3 Ke7 69. Ra3 Ke6 70. Ra6+ Ke5 71. Ra5+ Ke6 72. Ra6+ Kf7 73. Ra7+
Re7 74. Ra6 Re6 75. Ra7+ Re7 76. Ra8 Rb7 77. Rh8 Kg7 78. Rc8 f5 79. gxf5 Kf6 80.
Rc6+ Kxf5 81. Rxh6 Rb3+ 82. Kg2 Kg4 83. Rc6 Rg3+ 84. Kf2 Rh3 0-1

[Event "Titled Tue 20th May Early"]
[Site "chess.com INT"]
[Date "2025.05.20"]
[Round "6"]
[White "Xue, Haowen"]
[Black "Le, Tuan Minh"]
[Result "1-0"]
[WhiteTitle "GM"]
[BlackTitle "GM"]
[WhiteElo "2518"]
[BlackElo "2598"]
[WhiteFideId "8625492"]
[BlackFideId "12401153"]
[EventDate "2025.05.20"]

1. c4 c6 2. Nf3 d5 3. g3 g6 4. Bg2 Bg7 5. O-O Nf6 6. b3 Ne4 7. d4 O-O 8. Bb2 Nd7
9. a4 Re8 10. a5 a6 11. Nc3 Ndf6 12. Ne5 Nxc3 13. Bxc3 Be6 14. e3 Rc8 15. Qe2
Ne4 16. Bb2 Nd6 17. Rfc1 f6 18. Nd3 Bf7 19. Nc5 e5 20. dxe5 fxe5 21. e4 d4 22.
Nd3 Rc7 23. Ba3 Be6 24. Rf1 Rf7 25. Rae1 Bc8 26. Qd2 h5 27. f4 exf4 28. gxf4 Kh7
29. h3 Bh6 30. Qf2 Rg7 31. Bc5 Nf7 32. Bxd4 Rgg8 33. Rd1 Qxa5 34. Kh1 Qc7 35.
Bc3 Qe7 36. Nc5 Rd8 37. e5 Bg7 38. Ne4 Bf5 39. Nf6+ Bxf6 40. exf6 Qe6 41. Rxd8
Rxd8 42. Re1 Qc8 43. Re7 Kg8 44. Kh2 Rd3 45. Qe2 Rd8 46. Ba5 Rf8 47. Bc7 Kh7 48.
Be4 Kh6 49. Bg2 a5 50. Qe3 a4 51. bxa4 Qa8 52. a5 Qa6 53. Qc5 Qa8 54. Re3 Qc8
55. Qe7 Kh7 56. Bb6 Kg8 57. Bc5 Rd8 58. Bb6 Rf8 59. Qc7 Qxc7 60. Bxc7 Rc8 61.
Re7 h4 62. c5 Kf8 63. Bb6 Re8 64. a6 bxa6 65. Rxe8+ Kxe8 66. Bxc6+ Bd7 67. Bb7
Nd8 68. Bxa6 Nc6 69. Bc4 Nd4 70. f7+ Kf8 71. c6 Nxc6 72. Bc5+ Ne7 73. Kg2 Bf5
74. Bd6 Bc8 75. Kh2 Bf5 76. Bb3 Bc8 77. Kg2 Bf5 78. Kf2 Bxh3 79. Ke3 Bf5 80. Kd4
h3 81. Ke5 Bc2 82. Kf6 1-0